=LDR 00000nam 2200000 4500 =001 INLIS000000000047094 =005 20150805145347.0 =006 =007 =008 =035 ##$$0010-081500000000008 =082 ##$$a 028.5 =090 ##$$a 028.5 ern n.l =100 ##$$a irianti erningprajs =245 ##$$a nadia dan kirana si ikan mas =260 ##$$a elex media kompitundo =300 ##$$a hln.32 =850 ##$$a NPBMAT =990 ##$$a 2090101272/BPAP-NTB/2015